000 02143cam a2200313 4500500
005 20260322004345.0
041 _afre
042 _adc
100 1 0 _aFaye, Papa Lamine
_eauthor
700 1 0 _aDanfa, Abdoulaye
_eauthor
700 1 0 _aNdiaye, Ibrahima
_eauthor
700 1 0 _aBa, El Hadji Makhtar
_eauthor
700 1 0 _aThiam, Mamadou Habib
_eauthor
245 0 0 _aDysfonctionnement érectile et culpabilité : à propos d’une observation
260 _c2015.
500 _a43
520 _aLa dysfonction érectile (DE) est une pathologie multifactorielle dont la prise en charge doit être abordée simultanément sur ses versants psychologiques, relationnels et organiques. Dans 80% des cas, elle est de nature fonctionnelle comme l’illustre cette observation clinique d’un polygame de 73 ans, qui a présenté une dysfonction érectile dont le profil évolutif s’est superposé à la paraplégie brusque non organique de sa première épouse. Ce travail a permis de mettre en lumière le mécanisme psychopathologique qui a sous tendu cette dysfonction et qui s’est essentiellement organisé autour d’une culpabilité inconsciente à valeur autopunitive.
520 _aErectile dysfunction (ED) is a multifactorial disease whose treatment must be understood simultaneously in its psychological, relational and organic aspects. In 80% of cases it is a functional desease as illustrated by the clinical case of a polygamous 73 years, whose erectile dysfunction syndrom appeared In the same time than the inorganic sudden paraplegia of his first wife . This article helps to highlight the psychopathological mechanism which is under this dysfunction, showing an unconscious autopunitiv guilt.
690 _aculpabilité inconsciente
690 _aDysfonction érectile
690 _aimpuissance
690 _apolygamie
690 _aErectile dysfunction
690 _aimpotence
690 _apolygamy
690 _aunconscious guilt
786 0 _nPsy Cause | 69 | 2 | 2015-01-21 | p. 6-8 | 1245-2394
856 4 1 _uhttps://shs.cairn.info/revue-psy-cause-2015-2-page-6?lang=fr&redirect-ssocas=7080
999 _c1739644
_d1739644